000 00249nam a2200097Ia 4500
082 _aTHO
245 0 _aROPESPINNER CONSPIRACY
100 _a THOMAS, MICHAEL M. London, 1987
_938037
942 _cBK
008 210817s9999 xx 000 0 und d
999 _c135565
_d135564